|
|
|
|
| LEADER |
00000cam a2200000 7i4500 |
| 001 |
0000000150 |
| 005 |
20000711.0 |
| 020 |
0 |
0 |
|a 983812012X
|
| 090 |
0 |
0 |
|a MR634.909595
|b WON 1997
|
| 100 |
0 |
0 |
|a WONG
|h K. M. [
|q (Khoon Meng)]
|
| 245 |
1 |
0 |
|a In Brunei forests :
|b An introduction to the plant life of Brunei Darussalam
|c K.M. Wong; with watercolours by C.L. Chan
|
| 250 |
0 |
0 |
|a Rev. ed.
|
| 260 |
0 |
0 |
|a Kota Kinabalu, Sabah :
|b Natural History Pub. ,
|c 1997
|
| 300 |
|
|
|a xii, 127 p. :
|b col. plates ;
|c 22 cm.
|
| 500 |
0 |
0 |
|a Includes index
|
| 650 |
0 |
0 |
|a Botany
|
| 650 |
0 |
0 |
|a Forest conservation
|z Brunei
|
| 650 |
0 |
0 |
|a Forest ecology
|z Brunei
|
| 650 |
0 |
0 |
|a Forest management
|z Brunei
|
| 650 |
0 |
0 |
|a Forests and forestry
|z Brunei
|
| 650 |
0 |
0 |
|a Rain forests
|z Brunei
|
| 700 |
0 |
1 |
|a Chan
|h C.L. (Chew Lun)
|
| 999 |
|
|
|a 0000001344
|b Monograph
|c Reference
|e Default branch
|